El sohez (Record no. 11664)

MARC details
000 -LEADER
campo de control de longitud fija 01019nam a2200241 i 4500
001 - NÚMERO DE CONTROL
campo de control 11664
003 - IDENTIFICADOR DE NÚMERO DE CONTROL
campo de control ES-MaACL
005 - FECHA Y HORA DE LA ÚLTIMA TRANSACCIÓN
campo de control 20240105174212.0
008 - DATOS DE LONGITUD FIJA--INFORMACIÓN GENERAL
campo de control de longitud fija 200306s2000 sp d |||| | spa d
020 ## - NÚMERO INTERNACIONAL ESTÁNDAR DEL LIBRO
Número Internacional Estándar del Libro 84-8016-419-0
080 ## - NÚMERO DE LA CLASIFICACIÓN DECIMAL UNIVERSAL
Número de la Clasificación Decimal Universal (038)=134.2'276.2
100 1# - ENTRADA PRINCIPAL--NOMBRE DE PERSONA
Nombre de persona Carbonell Basset, Delfín.
9 (RLIN) 35057
245 13 - MENCIÓN DEL TÍTULO
Título El sohez
Resto del título : gran diccionario del argot /
Mención de responsabilidad, etc. Delfín Carbonell Basset ; prólogo de Luis María Ansón.
246 3# - FORMA VARIANTE DEL TITULO
Título propio/Titulo breve Gran diccionario del argot
Resto del título : el soez
260 ## - PUBLICACIÓN, DISTRIBUCIÓN, ETC.
Lugar de publicación, distribución, etc. Barcelona :
Nombre del editor, distribuidor, etc. Larousse,
Fecha de publicación, distribución, etc. [2000]
300 ## - DESCRIPCIÓN FÍSICA
Extensión XXI, 776 p. ;
Dimensiones 24 cm.
504 ## - NOTA DE BIBLIOGRAFÍA, ETC.
Nota de bibliografía, etc. Bibliografía: p. 771-776.
594 ## - Nota al título y mención de responsabilidad
Nota al título y mención de responsabilidad En cub.: De autoridades del español cotidiano, popular, familiar, coloquial, grosero y malhablado, con eufemismos, insultos, clichés, solecismos, barbarismos, ñoñerías, jergas y piadosismos.
650 #4 - PUNTO DE ACCESO ADICIONAL DE MATERIA--TÉRMINO DE MATERIA
Término de materia o nombre geográfico como elemento de entrada Lengua española-
Subdivisión general Argots y jergas-
Subdivisión de forma Diccionarios.
9 (RLIN) 148231
852 ## - LOCALIZACIÓN
Ubicación ES-MaACL
Número de control de estantería A-14568
itemnumber 11967
Sublocalización o colección R.152045
Ubicación en estantería Depósito 1
Signatura antigua Olim: N-7568
942 ## - ELEMENTOS DE ENTRADA SECUNDARIOS (KOHA)
Fuente del sistema de clasificación o colocación Clasificación decimal universal
Tipo de ítem Koha Libro impreso
Holdings
Estatus retirado Estado de pérdida Fuente del sistema de clasificación o colocación Estado de daño No para préstamo Colección Biblioteca de origen Biblioteca actual Ubicación en estantería Fecha de adquisición Fuente de adquisición Total de préstamos Signatura topográfica completa Código de barras Visto por última vez Precio de reemplazo Tipo de ítem Koha
    Clasificación decimal universal     Colección de referencia Biblioteca del Ateneo de Madrid Biblioteca del Ateneo de Madrid Depósito 1 25/05/2005 Donación   A-14568 1201688 23/02/2023 23/02/2023 Libro impreso